000 00708nam a2200205 i 4500
001 bg
100 1 _aGOLDSZTEJN, Arnold
245 0 _aDziałalność dydaktyczna - kategoria teorii kształcenia w szkole wyższej. [Próba analizy systemowej] /
_cArnold Goldsztejn.
260 _aWrocław :
_bWydawn. Polit. Wrocł.,
_c1977.
300 _as. 76.
490 1 _aPrace Nauk. Inst. Nauk Społeczn. Polit. Wrocł. ;
_vNr.14
500 _a[Streszcz. w jęz. ang. i ros.].
504 _a[Zawiera bibliogr. s. 71-74].
830 _aPrace Nauk. Inst. Nauk Społeczn. Polit. Wrocł. ;
040 _cBPK
041 _apol
080 _a371.3:378.14
942 _cKS
008 s pl f |000 0 pol
999 _c17241
_d17241
856 _uhttp://koha.tu.koszalin.pl/cgi-bin/koha/opac-detail.pl?biblionumber=17241
_yKatalog online BPK